Normal view
MARC view
Entry Personal Name
001 - CONTROL NUMBER
- control field: 2501
003 - CONTROL NUMBER IDENTIFIER
- control field: BD-RjUL
005 - DATE AND TIME OF LATEST TRANSACTION
- control field: 20220417144902.0
008 - FIXED-LENGTH DATA ELEMENTS
- fixed length control field: 220417|| aca||aabn | a|a d
040 ## - CATALOGING SOURCE
- Original cataloging agency: BD-RjUL
- Transcribing agency: BD-RjUL
100 ## - HEADING--PERSONAL NAME
- Personal name: ابن قيم الجوزية، محمد بن ابي بكر،[Ibn Qayyim al-Jawziyya, Muhammad ibn Abi Bakr]
- Dates associated with a name: 1292-1350
670 ## - SOURCE DATA FOUND
- Source citation: Work cat.: (BD-RjUL)79707: ابن قيم الجوزية، محمد بن ابي بكر،[Ibn Qayyim al-Jawziyya, Muhammad ibn Abi Bakr] 1292-1350, زاد المعاد في هدى خير العباد :[zad almuead fi hudaa khayr aleabad :], [1972].